000 03527nam a22003977a 4500
005 20090102122541.0
010 _a B-435978-982
020 _c20.00
_a8125035044
020 _c20.00
_a9788125035046
035 _aB-435978-982
037 _bप्रथम बुक्स
037 _bब्लयूबेरी बुक्स
082 _a
100 _aटिएन, लवीना
_931925
245 _aसैण्टा का क्रिसमस /
_cलवीना टिएन ; एमान्युएल स्केनज़ीआनी द्वारा चित्रांकित; वन्दना महेश्वरी द्वारा अनुदित
260 _aहैदराबाद
_bओरियंट लॉगमैन
_c2008
270 _a3-6-752 ,हिमायत नगर,
_bहैदराबाद
_e500029
_k
_l
_m
300 _a20पृ.;
_c21सेमी (अजिल्द)
_bसचित्र
490 _a
_931926
500 _a
700 _aस्केनज़ीआनी, एमान्युएल
_931923
700 _aमहेश्वरी, वन्दना
_931924
942 _2ddc
_cCH
_m टिएन
_h
999 _c22806
_d22806